000 00827cam a2200265 a 4500
999 _c9794
_d9794
001 9794
003 BD-JhCC
005 20180401104034.0
008 940425s1994 enkab be 000 0deng
020 _a0521444292 (hc)
035 _a(BD-JhCC)9794
040 _aDLC
_cDLC
_dDLC
_dBD-JhCC
041 _aeng
050 0 0 _aAG5
_b.C26 1994
082 0 0 _a032
_220
_bCAM 1994
245 0 4 _aThe Cambridge encyclopedia /
_cedited by David Crystal.
250 _a2nd ed.
260 _aCambridge ;
_aNew York :
_bCambridge University Press,
_c1994.
300 _aviii, 1347 p. :
_bill., maps (some col.) ;
_c30 cm.
650 0 _aEncyclopedias and dictionaries.
700 1 _aCrystal, David,
_d1941-
856 4 2 _3Publisher description
_uhttp://www.loc.gov/catdir/description/cam026/94017426.html
942 _2ddc
_cREF